Sitakant Mahapatra:A Reader/ (Record no. 189345)

MARC details
000 -LEADER
fixed length control field 00507nam a22001697a 4500
005 - DATE AND TIME OF LATEST TRANSACTION
control field 20220624105420.0
010 ## - LCCN (DPL NO)
LC control number vivek
020 ## - INTERNATIONAL STANDARD BOOK NUMBER
International Standard Book Number 9789391017217
Terms of availability 450.00
037 ## - SOURCE OF ACQUISITION
Source of stock number/acquisition Sahitya Akademi
100 ## - MAIN ENTRY--PERSONAL NAME
Personal name Bhagaban Jayasingh
245 ## - TITLE STATEMENT
Title Sitakant Mahapatra:A Reader/
Statement of responsibility, etc Bhagaban Jayasingh
260 ## - PUBLICATION, DISTRIBUTION, ETC. (IMPRINT)
Place of publication, distribution, etc New Delhi
Name of publisher, distributor, etc Sahitya Akademi
Date of publication, distribution, etc 2021
270 ## - ADDRESS
Address Rabindra Bhavan, 35, Ferozshah Road
City New Delhi
Postal code 110001
300 ## - PHYSICAL DESCRIPTION
Extent xiii,306p.
Other physical details ill.
Dimensions 23.5cm(Pb)
500 ## - GENERAL NOTE
General note Bibliography
942 ## - ADDED ENTRY ELEMENTS (KOHA)
Source of classification or shelving scheme Dewey Decimal Classification
Item type English Books
Edition 2021
Call number prefix JAY

No items available.


© Delhi Public Library
Hit Counter
free hit counter